000 00460nam a2200181Ia 4500
005 20250508150757.0
008 008 250505s9999 xx 000 0 hin d
037 _aTextual
040 _aFEDL
_beng
_cFEDL
041 _ahin
_2eng
084 _aFH, SIN
_qFEDL
100 _aSinha J N
245 0 _aJungal se mangal
260 _aPatna, India
_bMaas Litracy Committee
300 _a62p.
942 _cTEXL
_hFH, SIN
999 _c1325608
_d1325608